[Event "Plancoet op 2nd"]
[Site "Plancoet"]
[Date "2002.07.29"]
[Round "4.43"]
[White "Vergnolle, Suzanne"]
[Black "Bertin, Simon"]
[Result "0-1"]
[WhiteElo "1260"]
[BlackElo "1180"]
[PlyCount "36"]
[EventDate "2002.07.23"]
[EventType "swiss"]
[EventRounds "9"]
[EventCountry "FRA"]
[SourceTitle "EXT 2003"]
[Source "ChessBase"]
[SourceDate "2002.11.25"]
[SourceVersion "1"]
[SourceVersionDate "2002.11.25"]
[SourceQuality "1"]

1. e4 c6 2. d4 d5 3. e5 Bf5 4. Nf3 Na6 5. Be2 Nb4 6. Bd3 Bg4 7. 0-0 Qc7 8. Bf4 e6 9. Be2 Bf5 10. Nc3 f6 11. Rc1 g6 12. Nh4 g5 13. exf6 Qxf4 14. Nf3 Nxf6 15. Ne5 Bd6 16. Bh5+ Bg6 17. Bxg6+ hxg6 18. Nxg6 Qxh2# 0-1

[Event "Plancoet op 2nd"]
[Site "Plancoet"]
[Date "2002.07.27"]
[Round "1.42"]
[White "Bertin, Simon"]
[Black "Letourneur, Arthur"]
[Result "0-1"]
[WhiteElo "1180"]
[BlackElo "1790"]
[PlyCount "68"]
[EventDate "2002.07.23"]
[EventType "swiss"]
[EventRounds "9"]
[EventCountry "FRA"]
[SourceTitle "EXT 2003"]
[Source "ChessBase"]
[SourceDate "2002.11.25"]
[SourceVersion "1"]
[SourceVersionDate "2002.11.25"]
[SourceQuality "1"]

1. e4 e6 2. e5 d5 3. d4 c5 4. Nf3 cxd4 5. Nxd4 Nc6 6. c3 Nxe5 7. Be2 Nf6 8. 0-0 Nc6 9. Qa4 Bd7 10. Bb5 Nxd4 11. cxd4 Be7 12. Bg5 Bxb5 13. Qxb5+ Qd7 14. Qb3 0-0 15. Qg3 Ne4 16. Qe5 Bxg5 17. Nc3 f6 18. Nxe4 fxe5 19. Nxg5 exd4 20. Nh3 e5 21. Rae1 e4 22. Rd1 d3 23. Rd2 Rac8 24. Rfd1 Rc2 25. Ng5 Rxd2 26. Rxd2 h6 27. Nh3 Qc8 28. Rd1 Qc2 29. Rf1 d2 30. f3 e3 31. g4 e2 32. Rf2 e1Q+ 33. Rf1 Qxf1+ 34. Kxf1 d1Q# 0-1